000 00309nam a2200121Ia 4500
008 240731s9999 xx 000 0 und d
022 _a1547-3325
245 0 _aAnnals of Clinical Psychiatry
260 _bTaylor & Francis
856 _uhttps://www.tandfonline.com/loi/iacp20
942 _2ddc
942 _cTFEJ
999 _c75318
_d75318
945 _a1
_bMadushi Gamage
_c1
_dMadushi Gamage